000 01241nam a2200229Ia 4500
001 L240-51076
003 IT-CnALBA
008 170116s9999||||xx |||||||||||||| ||und||
040 _aIT-CnALBA
_cIT-CnALBA
041 _aITALIANO
100 _aBORRAGAM MATA VICENTE
245 0 _aIL TUO SERVO ASCOLTA. L'ACCOGLIENZA DELLA PAROLA.
250 _a1a ed.
260 _aCINISELLO BALSAMO (MI)
_bPERIODICI SAN PAOLO ED.
_c1994 [1° Ed.:1994 - Ed.Ling.Originale: 1990]
300 _a212 p.
500 _aTRADUZIONE DALLO SPAGNOLO. PAROLA E ASCOLTO. ASCOLTA ISRAELE. INTERIORIZZAZIONE. PRATICA. NELLE VISCERE. E VITA. ORECCHIE CHE NON ODONO. MALEDETTO L'UOMO CHE NON ASCOLTA. CUORE NUOVO. ORECCHI CHE ODONO. ASCOLTO NUOVO. RIFIUTO. ASCOLTATORI ED ESECUTORI. BE
501 _aSocietà San Paolo EM - Piazza San Paolo, 14 - 12051 ALBA (CN) (non commercial uses only) ® Copyright 2017
520 _aTRADUZIONE DALLO SPAGNOLO. PAROLA E ASCOLTO. ASCOLTA ISRAELE. INTERIORIZZAZIONE. PRATICA. NELLE VISCERE. E VITA. ORECCHIE CHE NON ODONO. MALEDETTO L'UOMO CHE NON ASCOLTA. CUORE NUOVO. ORECCHI CHE ODONO. ASCOLTO NUOVO. RIFIUTO. ASCOLTATORI ED ESECUTORI. BE
650 _aTEOLOGIA SPIRITUALE CRISTIANA
942 _cBK
957 _71
999 _a57600
_bNO
_g Copie: 1
_c309964
_d309964